Μη Κυβερνητικές Οργανώσεις (Μ.Κ.Ο.) και περιβαλλοντική εκπαίδευση : μεταπτυχιακή διπλωματική εργασία

Αποθηκεύτηκε σε:
Λεπτομέρειες βιβλιογραφικής εγγραφής
Κύριος συγγραφέας: Ιωαννίδης, Μιχαήλ Ν.
Συγγραφή απο Οργανισμό/Αρχή: Πανεπιστήμιο Αιγαίου Σχολή Ανθρωπιστικών Επιστημών Τμήμα Επιστημών της Προσχολικής Αγωγής και του Εκπαιδευτικού Σχεδιασμού Πρόγραμμα Μεταπτυχιακών Σπουδών Περιβαλλοντική Εκπαίδευση
Άλλοι συγγραφείς: Τσαμπούκου-Σκαναβή, Κωνσταντίνα (Εισηγητής διατριβής)
Μορφή: Thesis Βιβλίο
Γλώσσα:Greek
Δημοσίευση: 2009
Θέματα:
Διαθέσιμο Online:http://hdl.handle.net/11610/15691
Ετικέτες: Προσθήκη ετικέτας
Δεν υπάρχουν, Καταχωρήστε ετικέτα πρώτοι!

MARC

LEADER 00000cam a2200000 i 4500
001 1/3488
008 100121s2009 gre d
035 |l 10106393 
040 |a GR-MY-UA  |b gre  |e aacr 
041 0 |a gre 
082 0 |a 333.707  |2 (22) 
100 1 |a Ιωαννίδης, Μιχαήλ Ν. 
245 1 0 |a Μη Κυβερνητικές Οργανώσεις (Μ.Κ.Ο.) και περιβαλλοντική εκπαίδευση :  |b μεταπτυχιακή διπλωματική εργασία /  |c Ιωαννίδης Μιχαήλ ; επιβλέπουσα: Σκαναβή - Τσαμπούκου Κωνσταντίνα 
260 |c 2009 
300 |a 163 σ.;  |b πιν.;  |c 30 εκ. 
500 |a Μέλη εξεταστικής επιτροπής: Κόνσολας Εμμανουήλ, Ευαγγελινός Κωνσταντίνος 
502 |a Διατριβή (μεταπτυχιακή) – Πανεπιστήμιο Αιγαίου, Ρόδος, 2009. 
504 |a Βιβλιογραφία: σ. 155-162 
650 0 0 |a Environmental education  |x Case studies. 
650 0 0 |a Non-governmental organizations  |z Developing countries. 
650 0 0 |a Dissertations, Academic  |z Greece. 
700 1 |a Τσαμπούκου-Σκαναβή, Κωνσταντίνα.  |4 ths 
710 2 |a Πανεπιστήμιο Αιγαίου  |b Σχολή Ανθρωπιστικών Επιστημών  |b Τμήμα Επιστημών της Προσχολικής Αγωγής και του Εκπαιδευτικού Σχεδιασμού  |b Πρόγραμμα Μεταπτυχιακών Σπουδών Περιβαλλοντική Εκπαίδευση. 
852 |a INST  |b RHODES  |c DIATR  |e 20100121  |h 333.707 ΙΩΑ  |p 005400032340  |q 005400032340  |t MTXE  |y 23 
852 |a INST  |b RHODES  |c DIATR  |e 20100121  |h 333.707 ΙΩΑ  |p 005400032341  |q 005400032341  |t MTXE  |y 23 
856 |u http://hdl.handle.net/11610/15691 
901 |a BIBL4-2010-1 
909 |a Ρ  |b 159572 
909 |a Ρ  |b 159573 
924 |a ΙΩΑΝΝΙΔΗΣ  |b ΜΙΧΑΗΛ  |y ΡΟΔΟΣ  |z 2009-07 
970 |a ΚΟΖΑ  |b ΜΑΡΙΑ  |z 2010/01/21